000 00780nam a2200217 a 4500
001 000043208
005 20201002040726.0
008 140225s2013 dr 000 0 spa d
020 _a9789945447316
040 _aDO-SdBNP
_bspa
_cBNPHU
082 _axxx
_bxxx
245 0 0 _aCompendio de comunicación moderna /
_ccompilación ; Patricio Jesús León Cruz ; prólogo Luis de León.
250 _a2a ed.
260 _aSanto Domingo :
_bYouColor,
_c[2013].
300 _a190 p. ;
_c21 cm.
500 _aIncluye referencias bibliográficas y notas al pie de las páginas.
500 _aIncluye datos biográficos del autor en la contracubierta.
504 _aBibliografía : p. 173-174
700 1 2 _aLeón Cruz, Patricio
_ecomp.
_970797
700 1 2 _aLeón, Luis de
_epról.
_943314
999 _c42697
_d42697